1516 1633 1466 1039 1650 1541 1300 1531 1517 1373 1006 1888 1808 1920 1165 1267 1326 1502 1772 1437 1599 1940 1404 1232 1028 1662 1313 1587 1503 1719 1655 1349 1887 1775 1393 1079 1189 1892 1489 1515 1730 1553 1726 1164 1648 1898 1870 1284 1098 1414 1269 1484 1511 1052 1500 1518 1744 1272 1212 1700 1320 1161 1845 1947 1504 1433 1855 1232 1292 1366 1852 1021 1955 1066 1731 1026 1364 1242 1633 1151 1550 1911 1502 1771 1428 1586 1020 1876 1902 1142 1709 1683 1356 1282 1114 1126 1017 1068 1181 BCNSPRNW ULIB Ver.6.0+V

เปลี่ยนเป็นภาษาไทย

Change to English
 แสดงรายละเอียดบรรณานุกรม
  กลับหน้าหลัก

Brief Record : Get Marc (ISO 2709) : E-mail record : QR code < ปิดหน้าต่าง
LEADER : 00000nam 2200000uu 4500
001    13399122443
003     ULIB
008    130612s2553||||th 000 0 tha d
020    ^a9789744664198
020    ^a9789744664327
060 04 ^aWW290^bม321ต
100 0  ^aมัญชิมา มะกรวัฒนะ
245 10 ^aตำรา ต้อหิน /^cมัญชิมา มะกรวัฒนะ
250    ^aพิมพ์ครั้งที่ 1
260    ^aปทุมธานี :^bโรงพิมพ์มหาวิทยาลัยธรรมศาสตร์,^c2553
300    ^a136 หน้า :^bภาพประกอบสี ;^c22 ซม.
650  2 ^aGlaucoma
650  2 ^aGlaucoma^xsurgery
650  7 ^aต้อหิน
650  7 ^aต้อหิน^xการรักษา
650  7 ^aตา, โรค
945    ^p250^l0^i19923
995    ^aทศพร
999    ^aทศพร
รายการนี้ยังไม่มีแท็ก
คุณยังไม่ได้ล็อกอิน คุณสามารถมีกิจกรรมร่วมกับเว็บไซต์ได้ แต่ต้องล็อกอินก่อน ::
  ล็อกอิน

รายการสื่อสารสนเทศ

ลำดับที่ ประเภท เลขเรียก/บาร์โค้ด สถานที่ สถานะ
1. วิทยาศาสตร์การแพทย์ และสุขภาพ
วิทยาศาสตร์การแพทย์ และสุขภาพ
WW290 ม321ต ฉ.1 
  Barcode: 19923
ห้องสมุดวิทยาเขตนครสวรรค์
►ส่วนจัดเก็บหนังสือเก่า นว.
บนชั้น
  ขอยืม

รายการใกล้เคียง
    ผู้แต่ง [มัญชิมา มะกรวัฒนะ]

    หัวเรื่อง [Glaucoma]
    หัวเรื่อง [ต้อหิน]
    หัวเรื่อง [ตา, โรค]

BibComment


ยังไม่เคยถูกคอมเมนท์

คอมเมนท์ทรัพยากรรายการนี้
  คอมเมนท์: ตำรา ต้อหิน มัญ..


 Copyright 2026. Bcnsprnw @Library